| 000 | 00475nam a22001697a 4500 | ||
|---|---|---|---|
| 010 | _aENG-118092 | ||
| 020 |
_a9789380828312 _c295.00 |
||
| 035 | _aEN-101624 | ||
| 037 | _bDBAD/PUB | ||
| 082 | _aN | ||
| 100 | _aSrivastava, Anupam | ||
| 245 |
_aThe brown sahebs / _cby Anupam Srivastava |
||
| 260 |
_aNew Delhi _bVitasta Publishing _c2015 |
||
| 270 | _a2/15, Ansari Road, Daryaganj New Delhi - 110002 | ||
| 300 |
_axvii, 302p. _c22cm. (pbk) |
||
| 942 |
_2ddc _cEN _hN _mSRI |
||
| 999 |
_c139670 _d139670 |
||